Sútažné právo bakalárska práca

Saved in:
Bibliographic Details
Main Author: Vrbová, Martina
Corporate Author: Obchodná fakulta EU. Katedra obchodného práva
Other Authors: Borodovčák, Milan
Format: Book
Language:Slovak
Published: Bratislava 2013
Tags: Add Tag
No Tags, Be the first to tag this record!

MARC

LEADER 00000nbm a2200000 4500
001 0171257
005 20161109112026.5
041 0 |a slo 
044 |a SK 
245 1 0 |a Sútažné právo  |b bakalárska práca  |c Martina Vrbová ; školiteľ: Milan Borodovčák 
264 1 |a Bratislava  |c 2013 
300 |a 44 s. 
100 1 |a Vrbová, Martina 
700 1 |a Borodovčák, Milan 
710 2 |a Obchodná fakulta EU. Katedra obchodného práva